Kryptomeny ako platidlo budúcnosti bakalárska práca

Salvato in:
Dettagli Bibliografici
Autore principale: Majerniková, Simona
Ente Autore: Podnikovohospodárska fakulta EU so sídlom v Košiciach. Katedra kvantitatívnych metód
Altri autori: Barkóciová, Miroslava, 1996-
Natura: Libro
Lingua:slovacco
Pubblicazione: Košice 2025
Tags: Aggiungi Tag
Nessun Tag, puoi essere il primo ad aggiungerne!!

MARC

LEADER 00000nbm a2200000 4500
001 0310874
005 20260226143222.0
041 0 |a slo 
044 |a SK 
245 1 0 |a Kryptomeny ako platidlo budúcnosti  |b bakalárska práca  |c Simona Majerniková ; školiteľ: Miroslava Barkóciová 
264 1 |a Košice  |c 2025 
300 |a 44 s. 
100 1 |a Majerniková, Simona 
700 1 |a Barkóciová, Miroslava, 1996- 
710 2 |a Podnikovohospodárska fakulta EU so sídlom v Košiciach. Katedra kvantitatívnych metód